Statistiken für Schriften und Sprachen

Klicken Sie hier um das Quiz zu spielen!

Allgemein

  • Dieses Quiz wurde 112 mal gespielt
  • Das Durchschnittsergebnis liegt bei 6 aus 20

Antwortstatistiken

Antwort% Korrekt
Arabisch
79%
Chinesisch
74%
Griechisch
73%
Blindenschrift
61%
Morse-Code
56%
Hebräisch
49%
Zeichensprache
39%
Thailändisch
31%
Lateinisch
30%
Armenisch
15%
Georgisch
14%
Mongolisch
11%
Maya
8%
Syrisch
5%
Ägyptische Hieroglyphen
4%
Berbisch
4%
Gotisch
4%
Tibetisch
3%
Birmanisch
2%
Internationales Phonetisches Alphabet
2%

Verteilung der Resultate

Perzentil nach korrekt beantworteten Fragen

Anzahl Personen mit jedem Resultat

Ihre Resultats-Entwicklung

Sie haben dieses Quiz noch nicht gespielt